ការធ្វើផែនការ និងគ្រប់គ្រងធនធានធម្មជាតិចម្រុះ (Record no. 9192)

000 -LEADER
fixed length control field 00362nam a22001217a 4500
040 ## - CATALOGING SOURCE
Transcribing agency SY
082 ## - DEWEY DECIMAL CLASSIFICATION NUMBER
Classification number 658
100 ## - MAIN ENTRY--AUTHOR NAME
Personal name សៀក សូផាត
245 ## - TITLE STATEMENT
Title ការធ្វើផែនការ និងគ្រប់គ្រងធនធានធម្មជាតិចម្រុះ
260 ## - PUBLICATION, DISTRIBUTION, ETC. (IMPRINT)
Place of publication RUA
Name of publisher សៀក
Year of publication 2006
300 ## - PHYSICAL DESCRIPTION
Number of Pages 153p.
942 ## - ADDED ENTRY ELEMENTS (KOHA)
Koha item type សៀវភៅភាសាខ្មែរ
952 ## - LOCATION AND ITEM INFORMATION (KOHA)
Withdrawn status [LOCAL, KOHA] 0
952 ## - LOCATION AND ITEM INFORMATION (KOHA)
Withdrawn status [LOCAL, KOHA] 0
952 ## - LOCATION AND ITEM INFORMATION (KOHA)
Withdrawn status [LOCAL, KOHA] 0
Holdings
Permanent Location Date acquired Koha item type Lost status Shelving location Barcode Current Location Full call number
Library Block B2016-08-25សៀវភៅភាសាខ្មែរ C255RUA043427Library Block B658 សៀក 2006 C255
Library Block B2016-08-25សៀវភៅភាសាខ្មែរ C255RUA41044Library Block B658 សៀក 2006 C255
Library Block B2016-08-25សៀវភៅភាសាខ្មែរ C255RUA42123Library Block B658 សៀក 2006 C255
មជ្ឈមណ្ឌលឯការនៃសាកលវិទ្យាល័យភូមិន្ទកសិកម្មចំការដូង

Powered by Koha